Statistics for Formula 1 drivers with the best finishing percent

Click here to take the quiz!

General Stats

  • This quiz has been taken 187 times
    (43 since last reset)
  • The average score is 13 of 20

Answer Stats

NationalityDriverGPsFinishing %% Correct
United KingdomLewis Hamilton33290.36
100%
MexicoSergio Pérez25786.77
95%
ThailandAlexander Albon8185.19
93%
AustraliaDaniel Ricciardo23983.68
90%
GermanySebastian Vettel29984.95
88%
FinlandValtteri Bottas22288.29
88%
ArgentinaJuan Manuel Fangio5186.27
83%
GermanyMick Schumacher4388.37
83%
PolandRobert Kubica9984.85
80%
United KingdomGeorge Russell10483.65
75%
United KingdomLando Norris10489.42
73%
JapanYuki Tsunoda6384.13
70%
FrancePierre Gasly10883.33
65%
GermanyNico Rosberg20684.47
58%
AustraliaOscar Piastri2286.36
53%
RussiaSergey Sirotkin2185.71
50%
ItalyAntonio Giovinazzi6288.71
33%
BrazilFelipe Nasr3984.62
30%
BelgiumJérôme d'Ambrosio2085.00
20%
United KingdomMax Chilton3591.43
18%

Score Distribution

Percentile by Number Answered

Percent of People with Each Score

Your Score History

You have not taken this quiz since the last reset